Sarcasm Detection of Political News on Social Media (Record no. 67432)

MARC details
000 -LEADER
fixed length control field 00401nam a22001337a 4500
100 ## - MAIN ENTRY--AUTHOR NAME
Personal name Aaksh Ali Sahito
-- 17MSIT01
245 ## - TITLE STATEMENT
Title Sarcasm Detection of Political News on Social Media
260 ## - PUBLICATION, DISTRIBUTION, ETC. (IMPRINT)
Place of publication Nawabshah
Name of publisher Quest
Year of publication 2021
300 ## - PHYSICAL DESCRIPTION
Number of Pages 21p.
650 ## - SUBJECT ADDED ENTRY--TOPICAL TERM
Topical Term Master of Science in Information Science
700 ## - ADDED ENTRY--PERSONAL NAME
Personal name Department of Information Science
856 ## - ELECTRONIC LOCATION AND ACCESS
Uniform Resource Identifier https://tinyurl.com/f5ynm78j
942 ## - ADDED ENTRY ELEMENTS (KOHA)
Koha item type Thesis and Dissertation
Holdings
Withdrawn status Lost status Home library Current library Date acquired Accession Number Koha item type
    Research Section Research Section 13/01/2022 MP/70-921 Thesis and Dissertation
    Research Section Research Section 13/01/2022 MP/70-922 Thesis and Dissertation
    Research Section Research Section 13/01/2022 MP/70-923 Thesis and Dissertation